000 00351nam a22001217a 4500
040 _cCAM
082 _aSCH HAN 2017 C011 Or.
100 _aHANG CHUON NARON
245 _aLife Skills Eduation School Gardening and Nutrition Education Teacher's Guide for Grade 5
260 _aCAMBODIA
_bPhnom Penh
_c2017
300 _avii.39p
_bv.
_c28cm
942 _cAEDBB
999 _c22407
_d22407